ਯਾਦਾਂ ਦੇ ਵਰਕੇ / (Record no. 48899)

MARC details
000 -LEADER
fixed length control field 01062nam a22002537a 4500
005 - DATE AND TIME OF LATEST TRANSACTION
control field 20090825120337.0
008 - FIXED-LENGTH DATA ELEMENTS--GENERAL INFORMATION
fixed length control field 090728t xxu||||| |||| 00| 0 pun d
010 ## - LCCN (DPL NO)
LC control number PUN-6520
020 ## - INTERNATIONAL STANDARD BOOK NUMBER
Terms of availability 150.00
International Standard Book Number 9789350170281
035 ## - SYSTEM CONTROL NUMBER
System control number PN-5638
037 ## - SOURCE OF ACQUISITION
Source of stock number/acquisition DBAD / PUB
040 ## - CATALOGING SOURCE
Original cataloging agency dpl
Language of cataloging pn
082 ## - DEWEY DECIMAL CLASSIFICATION NUMBER
Classification number 854
100 ## - MAIN ENTRY--PERSONAL NAME
9 (RLIN) 24414
Personal name ਮਹਿਤਾ, ਨੰਦ ਸਿੰਘ
245 ## - TITLE STATEMENT
Title ਯਾਦਾਂ ਦੇ ਵਰਕੇ /
Statement of responsibility, etc ਨੰਦ ਸਿੰਘ ਮਹਿਤਾ
246 ## - VARYING FORM OF TITLE
Title proper/short title Yadan de varke
Remainder of title by Nand Singh Mehta
260 ## - PUBLICATION, DISTRIBUTION, ETC. (IMPRINT)
Place of publication, distribution, etc ਚੰਡੀਗਡ਼
Name of publisher, distributor, etc ਲੋਕਗੀਤ ਪ੍ਰਕਾਸ਼ਨ
Date of publication, distribution, etc 2010
270 ## - ADDRESS
Address s.c.o-26-27, Sector-34-A,
City ਚੰਡੀਗਡ਼
Postal code 160022
Telephone number 01624-682954, 09781534406
300 4# - PHYSICAL DESCRIPTION
Extent 150 ਸਫੇ
Dimensions 22 ਸੇਮੀ (ਸਜਿਲੱਦ)
650 ## - SUBJECT ADDED ENTRY--TOPICAL TERM
9 (RLIN) 24412
Topical term or geographic name as entry element ਸਾਹਿਤ ਨਿਬੰਧ
650 ## - SUBJECT ADDED ENTRY--TOPICAL TERM
Topical term or geographic name as entry element Essays
9 (RLIN) 24431
942 ## - ADDED ENTRY ELEMENTS (KOHA)
Source of classification or shelving scheme Dewey Decimal Classification
Item type Punjabi Bks
Classification part 854
Call number suffix ਮਹਿਤਾ
Holdings
Withdrawn status Lost status Source of classification or shelving scheme Damaged status Not for loan Collection code Home library Current library Date acquired Source of acquisition Cost, normal purchase price Total Checkouts Full call number Barcode Date last seen Copy number Cost, replacement price Koha item type
    Dewey Decimal Classification     Non-fiction D.B.Act.Division D.B.Act.Division 01/12/2010 DBAD/PUB 150.00   854 ਮਹਿਤਾ PN-5638 01/12/2010 1 150.00 Punjabi Bks

© Delhi Public Library
Hit Counter
free hit counter